00242 a2200121 4500001000700000020000600007040001100013100001800024240003300042245002800075362000900103440000800112175603 a  cMagnum aJelin, Israel10aThe lame man of olancholING10aThe lame man of olancho0 a1899 1aFTD